Statistics for Movies by Wikipedia Descriptions #2

Click here to take the quiz!

General Stats

  • This quiz has been taken 26,730 times
  • The average score is 11 of 18

Answer Stats

HintMovie% Correct
Stars Leonardo DiCaprio and Kate Winslet as members of different social classes
who fall in love aboard the ship
Titanic
100%
The sequel, Finding Dory, was released in June 2016Finding Nemo
98%
The story centers on a supernatural board game that releases jungle-based hazards Jumanji
80%
Don Vito Corleone's line, "I'm gonna make him an offer he can't refuse",
was voted the second-most memorable line in cinema history
The Godfather
78%
Phoenix lost 52 pounds (24 kg) in preparation, and based his laugh on "videos of people
suffering from pathological laughter"
Joker
73%
Gilbert Gottfried as Iago, Jafar's sardonic, hot-tempered parrot assistantAladdin
71%
Five students at the fictional Shermer High School report for an all-day detention.
Each comes from a different clique.
The Breakfast Club
67%
See also: Slimer and Stay Puft Marshmallow ManGhostbusters
62%
Anna Kendrick as Beca Mitchell, an introverted and rebellious freshman who joins
the Bellas to appease her professor father
Pitch Perfect
57%
In the beach town of Amity Island, a young woman goes skinny dipping in the oceanJaws
56%
Christopher Nolan was initially concerned that a scientifically accurate depiction
of a black hole would not be visually comprehensible
Interstellar
55%
The nine-minute chariot race has become one of cinema's most famous action sequencesBen-Hur
49%
Damon, who had never played such a physically demanding role, insisted
on performing many of the stunts himself
The Bourne Identity
47%
He is searching for the people who killed his wife, using an intricate system of Polaroid
photographs and tattoos to track information he cannot remember
Memento
44%
The film established Shyamalan and introduced the cinema public to his traits,
most notably his affinity for surprise endings
The Sixth Sense
42%
This product placement resulted in a large increase in Reese's Pieces sales
E.T. the
Extra-Terrestrial
36%
Oddjob demonstrates the lethality of the steel-rimmed hat he wearsGoldfinger
34%
Greg loses Jinx and replaces him with a stray whose tail he spray paints to
make him look like Jinx
Meet the Parents
21%

Score Distribution

Percentile by Number Answered

Percent of People with Each Score

Your Score History

You have not taken this quiz